000 00482cam a2200193ua 4500
020 _c52.13
041 _aeng
_h
082 _a512.13
_bHAL/UN
100 _aHall, DIck wick .
245 _aUnified algebra and trigonometry /
_cDick wick Hall.
_hTextual Documents
250 _a1 /
_b.
260 _aLondon :
_bJohn Wiley & Sons ,
_c1962.
300 _a455 ; .
365 _a52.13
504 _a
700 1 _aKattsoff, Louis O .
942 _cBK
999 _c9110
_d9110